000 01185nam a2200277 a 4500
001
003 OSt
005 20220715133816.0
008 090713s1989 dr r 000 0 spa d
040 _aDO-SdBNP
_bspa
_cBPMSU
082 _a972.9304
_bB742p 1989
_222
100 1 _a Bosch, Juan,
_d1909-2001
_91
245 1 3 _aLa pequeña burguesia en la historia de la República Dominicana /
_cJuan Bosch.
250 _a3a ed.
260 _aSanto Domingo :
_bAlfa y Omega,
_c1989.
300 _a99 p. ;
_c21 cm.
500 _a"La pequeña burguesía en la historia de la República Dominicana fue escrita en 24 capítulos que su autor publicó entre agosto de 1984 y enero de 1985 en el semanario Vanguardia del Pueblo, órgano del Partido de la Liberación Dominicana."
590 _aInventariado, 2022/VM
650 4 _aClases sociales
_zRepública Dominicana
_xHistoria
_ySiglo XIX
650 4 _aBurguesía
_zRepública Dominicana
_xHistoria
_ySiglo XIX
651 4 _aRepública Dominicana
_xHistoria
_y1844-1861
651 4 _aRepública Dominicana
_xPolítica y gobierno
_y1844-1861
730 0 2 _aVanguardia del Pueblo (República Dominicana)
910 _aVMateo V.
942 _2ddc
_cBK
999 _c14144
_d14144